000 00333nam a22001457a 4500
008 231016b ||||| |||| 00| 0 eng d
020 _a9780385088046
041 _aeng
080 _a316
082 _a316ARO
100 _a24
101 _aSOCIOLO
245 _aMAIN CURRENTS IN SOCIOLOGICAL THOUGHT I
_cARON .R
942 _2udc
_cBK
999 _c60456
_d60456